Top 10 najbogatszych państw Afryki - Statystyki

Ogólne statystyki
  • Ten quiz został rozwiązany 2 118 razy
  • Średni wynik to 7 z 10
Statystyki odpowiedzi
PKB na mieszkańca Państwo % Poprawnych
$21 400 Egipt
97%
$16 400 Republika Południowej Afryki
97%
$19 600 Algieria
85%
$15 800 Tunezja
81%
$33 800 Seszele
71%
$18 700 Libia
69%
$35 000 Mauritius
57%
$21 900 Botswana
49%
$23 000 Gabon
41%
$16 200 Gwinea Równikowa
37%
Nie znaleziono quizów pasujących do podanych kryteriów
Rozkład punktacji
Procent ludzi z każdym wynikiem
Percentyl według liczby udzielonych odpowiedzi
Twoja historia wyników
Nie rozwiązałeś tego quizu